LEADER 00900cam0 2200253 450 001 000012311 005 20090205135916.0 010 $a978-88-8008-336-8 100 $a20080604d2007----km-y0itay50------ba 101 0 $aita 102 $aIT 105 $aa-------001yy 200 1 $aOrientare al successo la supply chain$estrategie, processi e tecniche per gestire la complessità della rete logistica$fSergio Cavalieri, Roberto Pinto 210 $aNovara$cISEDI$d2007 215 $aXVIII, 396 p.$cgraf. e tab.$d24 cm 500 10$aOrientare al successo la supply chain$935948 610 1 $aProspettive della situazione agricola 700 1$aCavalieri,$bSergio$08989 701 1$aPinto,$bRoberto$0616273 801 0$aIT$bUNIPARTHENOPE$c20080604$gRICA$2UNIMARC 912 $a000012311 951 $a712/38$b378$cNAVA2$d2008 996 $aOrientare al successo la supply chain$935948 997 $aUNIPARTHENOPE LEADER 01216nam 2200361 450 001 996280605003316 005 20230809224917.0 010 $a1-5386-2795-7 035 $a(CKB)3710000001416570 035 $a(WaSeSS)IndRDA00103219 035 $a(EXLCZ)993710000001416570 100 $a20180815d2017 uy 0 101 0 $aeng 135 $aur||||||||||| 181 $ctxt$2rdacontent 182 $cc$2rdamedia 183 $acr$2rdacarrier 200 10$aSECM 2017 $e2017 IEEE/ACM 1st International Workshop on Software Engineering Curricula for Millennials : proceedings : 27 May 2017, Buenos Aires, Argentina /$feditors, Hakan Erdogmus, Ce?cile Pe?raire ; sponsored by SIGSOFT 210 1$aPiscataway, New Jersey :$cIEEE Press,$d2017. 215 $a1 online resource (86 pages) 311 $a1-5386-2796-5 606 $aSoftware engineering$xStudy and teaching$vCongresses 615 0$aSoftware engineering$xStudy and teaching 676 $a005.1071 702 $aErdogmus$b Hakan 702 $aPe?raire$b Ce?cile 712 02$aACM Sigsoft, 801 0$bWaSeSS 801 1$bWaSeSS 906 $aPROCEEDING 912 $a996280605003316 996 $aSECM 2017$91964411 997 $aUNISA